LEADER 00981nam a2200241 i 4500 001 991001934799707536 008 130128s2012 it a b 001 0dita d 020 $a9788878706217 035 $ab14094381-39ule_inst 040 $aBibl. Interfacoltà T. Pellegrino$bita 082 04$a011.0931 100 1 $aSabba, Fiammetta$0478002 245 14$aLa "Bibliotheca universalis" di Conrad Gesner :$bmonumento della cultura europea /$cFiammetta Sabba ; premessa di Alfredo Serrai 260 $aRoma :$bBulzoni,$c2012 300 $a186 p. :$bill. ;$c24 cm. 440 3$aIl bibliotecario ;$v25 600 14$aGessner, Conrad.$tBibliotheca universalis 907 $a.b14094381$b02-04-14$c28-01-13 912 $a991001934799707536 945 $aLE002 Bibl. Ris. 443/5$g1$i2002000893956$lle002$op$pE20.00$q-$rn$so $t0$u1$v0$w1$x0$y.i15476832$z28-01-13 996 $aBibliotheca universalis" di Conrad Gesner$9265870 997 $aUNISALENTO 998 $ale002$b28-01-13$cm$da $e-$fita$git $h4$i0 LEADER 02462nam 2200577 a 450 001 9910970857303321 005 20251116141817.0 010 $a1-134-56430-9 010 $a1-134-56431-7 010 $a1-280-40121-4 010 $a0-203-13225-4 010 $a0-203-17000-8 024 7 $a10.4324/9780203132258 035 $a(CKB)111004366679806 035 $a(SSID)ssj0000132558 035 $a(PQKBManifestationID)11137254 035 $a(PQKBTitleCode)TC0000132558 035 $a(PQKBWorkID)10038658 035 $a(PQKB)10057952 035 $a(MiAaPQ)EBC165861 035 $a(OCoLC)48139853 035 $a(EXLCZ)99111004366679806 100 $a20010108d2001 uy 0 101 0 $aeng 135 $aurcnu|||||||| 181 $ctxt$2rdacontent 182 $cc$2rdamedia 183 $acr$2rdacarrier 200 10$aCritical approaches to fieldwork $econtemporary and historical archaeological practice /$fGavin Lucas 205 $aFirst edition. 210 $aLondon $cRoutledge$dc2001 215 $a1 online resource (246 pages) 300 $aBibliographic Level Mode of Issuance: Monograph 311 08$a0-415-23533-2 311 08$a0-415-23534-0 320 $aIncludes bibliographical references and index. 327 $achapter 1 Introduction: archaeology and the ?eld -- Archaeology and the field -- chapter 2 Finding the past -- chapter 3 Splitting objects -- chapter 4 The measure of culture -- chapter 5 Eventful contexts -- chapter 6 Conclusion -- Material archaeologies. 330 $aThis work takes as its starting point the role of fieldwork and how this has changed over the past 150 years. The author argues against progressive accounts of fieldwork and instead places it in its broader intellectual context to critically examine the relationship between theoretical paradigms and everyday archaeological practice. In providing a much-needed historical and critical evaluation of current practice in archaeology, this book opens up a topic of debate which affects all archaeologists, whatever their particular interests. 606 $aArchaeology 606 $aArchaeology$xFieldwork 615 0$aArchaeology. 615 0$aArchaeology$xFieldwork. 676 $a930.1 700 $aLucas$b Gavin$f1965-$0176766 801 0$bMiAaPQ 801 1$bMiAaPQ 801 2$bMiAaPQ 906 $aBOOK 912 $a9910970857303321 996 $aCritical approaches to fieldwork$9542319 997 $aUNINA LEADER 01719oam 2200421z- 450 001 9910148668703321 005 20200221110547 010 $a9782336384610 010 $a2336384612 010 $a9782336734729 010 $a2336734729 035 $a(CKB)3810000000044269 035 $a(VLeBooks)9782336734729 035 $a(FR-PaCSA)88880273 035 $a(FRCYB88880273)88880273 035 $a(EXLCZ)993810000000044269 100 $a20260304d2015 u| | 101 0 $afre 135 $aurun| ||||| 181 $ctxt$2rdacontent 182 $cc$2rdamedia 183 $acr$2rdacarrier 200 14$aLes collectivités territoriales au Maroc$eà la lumière de la constitution de 2011$fAbibi, Jawad 210 1$aParis, France$cL'Harmattan$d2015 215 $a1 online resource (190 p.) 311 08$a9782343061696 311 08$a2343061696 330 $aAu Maroc, les constitutions successives ont toujours contenu des dispositions relatives a la decentralisation et aux collectivites locales. Neanmoins, la constitution du 29 juillet 2011 se demarque de ses devancieres par l'importance accordee a la decentralisation territoriale. Consacrant la decentralisation comme forme de l'organisation territoriale du Royaume, elle ouvre la voie a une nouvelle organisation verticale des rapports entre l'Etat et les collectivites territoriales. 606 $aLAW / General$2bisacsh 606 $aPOLITICAL SCIENCE / General$2bisacsh 615 7$aLAW / General 615 7$aPOLITICAL SCIENCE / General 700 $aAbibi$b Jawad$01794904 801 0$bFR-PaCSA 906 $aBOOK 912 $a9910148668703321 996 $aLes collectivités territoriales au Maroc$94335904 997 $aUNINA